Statistics for Ekipa Ja, Rock!

Click here to take the quiz!

General Stats

  • This quiz has been taken 5 times
  • The average score is 7 of 42

Answer Stats

HideAnswer% Correct
1RockAlone
100%
2IzakOOO
80%
7GrabaGra
40%
8MrSetoKami
40%
33.bandiT
20%
40.BaniakBaniaka
20%
3BlackFIrelce
20%
18.Bonkol
20%
10Brunecia
20%
4Bungo21
20%
20.CTSG
20%
36.DemonidiasLIVE
20%
19.FlamyTV
20%
14.HIGHSTYLED
20%
16kromkachleba
20%
9kycu
20%
13LosiuGra
20%
12NieDaRadek
20%
32.Niklaus
20%
27.Rivid
20%
5Slayproxx
20%
21.SouShibo
20%
6UrQueen
20%
11Yuuhi
20%
41.AleksMakowski
0%
31.Arhn.eu
0%
37.BixenteHS
0%
34.BRODATV
0%
25.Diger
0%
29.DisStream
0%
30.EmStudio
0%
15.Jarock
0%
22.KiaraStream
0%
26.MKRR3
0%
39.MowPoLuckuV12
0%
28.Nervarien
0%
23.Nexos
0%
24.Patrick
0%
35.Przegrani
0%
17.ratlooz
0%
38.Tips_pl
0%
42.ZagrajnikTV
0%

Score Distribution

Percentile by Number Answered

Percent of People with Each Score

Your Score History

You have not taken this quiz